| 000 | 00677nam a2200229 a 4500 | ||
|---|---|---|---|
| 008 | |||
| 020 | _a0419146407 (pbk. ) | ||
| 049 | _aMAIN | ||
| 090 | _aPE1403 PAL | ||
| 100 | 1 | _aPalmer, Richard. | |
| 245 | 1 | 0 |
_aWrite in style : _ba guide to good English / _cRichard Palmer. |
| 260 |
_aLondon : _bSpon, _c1993. |
||
| 300 |
_axix, 364 p. : _bill. ; _c24 cm. |
||
| 504 | _aIncludes bibliographical references. | ||
| 500 | _aIncludes index. | ||
| 653 | 0 |
_aEnglish language _aWritten communication. |
|
| 907 |
_a.b1006204x _b24-05-07 _c17-04-03 |
||
| 003 | |||
| 005 | 20230123133916.0 | ||
| 040 | _cNUST | ||
| 942 |
_cBOOKS _kPE1403 PAL |
||
| 999 |
_c156711 _d156711 |
||